[Event "Davao City MDYCC 5th"]
[Site "Davao City"]
[Date "2020.02.09"]
[Round "5"]
[White "Tabudlong, Zsuzsa Grace A"]
[Black "Villanueva, Ralph Jason"]
[Result "1/2-1/2"]
[WhiteElo "1664"]
[BlackElo "1790"]
[PlyCount "68"]
[EventDate "2020.02.08"]
[EventType "tourn"]
[EventRounds "9"]
[EventCountry "PHI"]
[SourceTitle "CBM 195 Extra"]
[Source "ChessBase"]
[SourceDate "2020.05.31"]
[SourceVersion "1"]
[SourceVersionDate "2020.05.31"]
[SourceQuality "1"]

1. d4 Nf6 2. Nf3 g6 3. Bf4 d6 4. Nbd2 Bg7 5. e3 0-0 6. Be2 c5 7. c3 Be6 8. 0-0 Nh5 9. Bg3 Nxg3 10. hxg3 Qb6 11. b3 Nd7 12. Bc4 Bg4 13. Be2 Rac8 14. Rc1 cxd4 15. cxd4 Qa5 16. Nc4 Qh5 17. Rc2 d5 18. Ncd2 Rxc2 19. Qxc2 e5 20. Bb5 e4 21. Nh2 Nf6 22. Rc1 Rc8 23. Qb1 Rxc1+ 24. Qxc1 Be2 25. Qc8+ Bf8 26. Qxb7 Bd3 27. Qa6 Qe2 28. Qxf6 Bxb5 29. Nhf1 Bb4 30. Qd8+ Kg7 31. Qxd5 Bd3 32. Qe5+ Kh6 33. Qf4+ Kg7 34. Qe5+ Kh6 1/2-1/2